000 00603nam a2200241Ia 4500
003 OSt
005 20221007073344.0
006 a|||||r|||| 00| 0
007 ta
008 221006b |||||||| |||| 00| 0 eng d
024 _a12,147
037 _cTextual
040 _aFLL
_cFLL
_beng
041 _2eng
_aeng
082 _aY:45, P5
100 _aSiddique Ahmad Au.
245 0 _aCriminology
250 _a5th
260 _aLucknow
_bEastern book comp. India
_c2005
300 _axxiv,624p
_ccm.
942 _hY:45, P5
_cTEXL
_2CC
999 _c1148433
_d1148433